LEADER 00819cam0-2200289---450- 001 990005710020403321 005 20150924153806.0 035 $a000571002 035 $aFED01000571002 035 $a(Aleph)000571002FED01 035 $a000571002 100 $a19990604d1926----km-y1itay50------ba 101 0 $amul 102 $aCH 105 $ayf------01--- 200 1 $aFestschrift Louis Gauchat$f[P. Aebischer, Ch. Bally, E.N. Baragiola... et al.] 210 $aAarau$cH.R. Sauerländer & Co.$d1926 215 $aXVIII, 522 p., 9 tav.$d25 cm 610 0 $aGauchat, Louis 610 0 $aFilologia romanza 676 $a440.09561$v22$zita 801 0$aIT$bUNINA$gREICAT$2UNIMARC 901 $aBK 912 $a990005710020403321 952 $a440.09561 GAU 1$bIst.Glott. s.i.$fFLFBC 959 $aFLFBC 997 $aUNINA LEADER 01122cam2 2200277 450 001 E600200006213 005 20140609153742.0 100 $a20041020d1968 |||||ita|0103 ba 101 $aita 102 $aIT 200 1 $a<<1: >>Prose fiorentine$fed. A. Schiaffini 210 $aThe Hague$aParis$cMouton$d1968 215 $aLXIV, 1142 p.$d24 cm 225 2 $aRicerche linguistiche e lessicografiche dell'Istituto di lingua e letteratura italiane dell'Universitą di Utrecht$v2 410 1$1001LAEC00020641$12001 $a*Ricerche linguistiche e lessicografiche dell'Istituto di lingua e letteratura italiane dell'Universitą di Utrecht$v2 461 1$1001SOBE00043613$12000 $a<<2: >>Forme ssss 702 1$aSchiaffini, Alfredo$3A600200028048$4070 801 0$aIT$bUNISOB$c20140609$gRICA 850 $aUNISOB 852 $aUNISOB$j850|Coll|31|K$m22573 912 $aE600200006213 940 $aM 102 Monografia moderna SBN 941 $aM 957 $a850|Coll|31|K$b000002$gSI$d22573$racquisto$1pregresso1$2UNISOB$3UNISOB$420041020073321.0$520140609155745.0$6rovito 996 $aProse fiorentine$9151136 997 $aUNISOB